HGGSP 1ère - Statistiques

Statistiques générales
  • Ce quiz a été pris 142 fois
    48 depuis la dernière actualisation
  • Le résultat moyen est 3 sur 10
Statistiques - réponses
Questions réponses % Correct
Période de la guerre de Corée 1950-1953
100%
Année du coup d’état de Pinochet 1973
100%
Qui gouvernaient à Athènes au Vème siècle avant JC ? Citoyens
100%
Où est ce que les 27 chefs d’États de l’Union Européenne se réunissent pour décider des orientations à prendre ? Conseil européen
100%
Monde dominé par deux puissances Monde bipolaire
100%
Dans quel pays se trouvait la dictature de Salazar ? Portugal
100%
Qu’est ce que la ZEE Zone Économique Exclusive
100%
Année de la mort de Staline 1953
80%
Qu’est ce que la charria ? Loi islamique
80%
Est ce que la Chine est une démocratie populaire ? Oui
80%
Année de publication de J’Accuse par Zola 1898
75%
Année de fin de l’Empire Ottoman 1923
75%
Année de fin de la guerre civile espagnole 1939
75%
Où se trouve le parlement européen ? Strasbourg
75%
Actuel(le) président(e) de la commission européenne Ursula Van Der Layen
75%
Lettre ouverte publiée par Zola dans le journal L’Aurore s’adressant à Félix Faure afin de défendre les intérêts d’Alfred Dreyfus J’Acccuse
71%
Année du début de la guerre froide 1947
67%
Date de création de l’OTAN 1949
67%
Année où Salvador Allende devient président du chili 1969
50%
Année du 1er choc pétrolier 1973
50%
Année du 2ème choc pétrolier 1979
50%
Nombre de morts lors de la guerre civile espagnole 400 000
50%
Où se trouve la commission européenne ? Bruxelles
50%
Première chaîne de télévision par abonnement en France Canal +
50%
Qu’est ce qu’un data center Centre de données
50%
Qu’est ce que le CEI Communauté des États Indépendants
50%
Nationaliste espagnol n’acceptant pas le résultat des élections et qui dêclence la guerre civile avant de devenir dictateur Franco
50%
Qu’est ce que l’OTAN Organisation du Traité de l’Atlantique Nord
43%
Que veut dire Terra incognita Terre inconnue
43%
Institution européenne composé de 27 commissaires européens (1 par État membres) nommés par leur chef d’état Commission européenne
40%
Qu’est ce que le CEE ? Communauté Économique Européenne
40%
Coup d’état pacifique visant à renverser la dictature portugaise Révolution des Œillets
40%
Force de gouvernement où la place des experts techniques et de leurs méthodes est centrale dans les prises de décision Technocratie
40%
Année de la chute de Constantinople 1453
33%
Période de la conférence de Berlin 1884-1885
33%
Année de la conférence de Potsdam 1945
33%
Année d’entre du Portugal au CEE 1986
33%
Année de signature tu traite de Lisbonne 2007
33%
Où se trouve le conseil européen ? Bruxelles
33%
Comment est appelé un homme de plus de 21 ans né à Athènes au Vème siècle avant JC, ayant réalisé l’éphébie et né de 2 parents athéniens Citoyen
33%
Quelle institution européenne détient le pouvoir exécutif de l’Union Européenne ? Commission européenne
33%
Qu’est ce qu’une démocratie populaire ? Dictature
33%
Comment devenir magistrat à Athènes au Vème siècle avant JC ? Élection
33%
3ème leader de la Corée du Nord Kim Jong Un
33%
Plus grande mine de cuivre à ciel ouvert du monde Mine de Chuquicamata
33%
Année de l’indépendance de la Grèce 1830
25%
En quelle année les français s’emparent t-ils d’Alger ? 1830
25%
Date de la chute de l’URSS 25 décembre 1991
25%
Où se trouve la cour européenne de justice ? Luxembourg
25%
Année de la 1ère restauration 1814
20%
Qu’est ce que la DUDH ? Déclaration Universelle des Droits de l’Homme
20%
Qu’est ce que le grand vizir dans l’Empire Ottoman Premier ministre
20%
Année de la liberté de la presse en France 1881
17%
En quelle année le Japon commence t-il à faire des conquêtes ? 1935
17%
Comment devenir héliaste à Athènes au Vème siècle avant JC ? tirage au sort
17%
Quelle institution européenne détient le pouvoir législatif de l’Union Européenne ? Parlement européen
14%
Année de début de l’Empire Ottoman 1299
0%
Date de signature de l’accord de Varsovie 14 mai 1955
0%
Diamètre des obus de la Corée du Nord pendant la guerre de Corée 152 millimètres
0%
Diamètre des obus de l´OTAN 155 millimètres
0%
En quelle année a eu lieu le siège de Vienne ? 1683
0%
Période d’écriture de l’Encyclopedie 1751-1772
0%
Année d’invention du télégraphe 1839
0%
Année d’invention du téléphone 1876
0%
Année de l’indépendance de la Bulgarie 1908
0%
Année marquant le début de la dictature portugaise 1926
0%
Année de début de la dictature de Salazar 1933
0%
Année de début de la guerre civile espagnole 1936
0%
En quelle année à été rédigé la déclaration universelle des droits de l’homme ? 1948
0%
Année de mort de Salvador Allende 1973
0%
Année de fin de la dictature de Salazar 1974
0%
Année de la mort de Franco 1975
0%
Année de création de l’OSCE 1975
0%
Années des accords d’Helsinki 1975
0%
Année de disparition de l’ORTF 1975
0%
Date de la chute du mur de Berlin 19 novembre 1989
0%
Date de la révolution des Œillets 25 avril 1974
0%
Indépendance du Bangladesh 26 mars 1971
0%
Combien y avait t-il de citoyens à Athènes au Vème siècle avant JC ? 30 000
0%
Combien y avait t-il d’habitants à Athènes au Vème siècle avant JC ? 400 000
0%
Alliance militaire des pays d’Europe de l’Est et l’URSS Accord de Varsovie
0%
Qui est le président de la Biélorussie? Alexandre Loukachenko
0%
Grand penseur de XIXème siècle né en 1805 et mort en 1859 Alexis de Tocqueville
0%
Gouvernement régional dans l’Empire Ottoman Bey
0%
Conférence où l’URSS et les USA envisagent de diviser la Corée au niveau du 38ème parallèle Conférence de Potsdam
0%
Pays surnommé « pays du matin calme » Corée du Sud
0%
Quelle institution européenne détient le pouvoir judicière de l’Union Européenne ? Cour européenne de justice
0%
Dégradation des qualités démocratique des institutions et des organismes censés les incarner Déficit démocratique
0%
Contrat de protection accordé aux non-musulmans moyennant un paiement de l’impôt Dhim
0%
Régime politique au Chili après Salvador Allende Dictature
0%
Accusation ad hominem sans avoir de preuve Diffamation
0%
rédacteur de la loi sur la liberté de la presse en France Émile De Girardin
0%
Position politique favorable à l’unification de l’Europe Européisme
0%
Qui a écrit la conceptualisation de la fin de l’histoire Francis Fukuyama
0%
Expressions de la souveraineté d’un État par les limites dont il se dote Frontières
0%
Qu’est ce qu’un lobby ? Groupe d’influence
0%
Affrontement indirect par tous les moyens possibles et pour des raisons idéologiques entre l’URSS et les USA guerre froide
0%
Pas de hiérarchisation de l’information Information horizontale
0%
Hiérarchisation de l’information Information verticale
0%
Ministre allemand de la propagande entre 1933 et 1945 Joseph Goebbels
0%
1er leader de la Corée du Nord Kim Il Sung
0%
2ème leader de la Corée du Nord Kim Jong Il
0%
Qu’est ce qu’une directive ? Loi
0%
Plusieurs puissances se partagent le monde dans différents domaines Monde multipolaire
0%
Monde dominé par une seule puissance dans tous les domaines Monde unipolaire
0%
Que veut dire ORTF Office de Radiodiffusion et Télédiffusion Française
0%
Qu’est ce que l’OSCE Organisation pour la Sécurité et la Coopération en Europe
0%
Fondateur de l’Empire Ottoman Othmân ibn Affân
0%
Que veut dire PAF Paysage Audiovisuel Français
0%
Surnom de la Corée du Sud Pays du matin calme
0%
Radio française la plus écoutée en 1940 Radio Paris
0%
Régime politique avant Salvador Allende République parlementaire
0%
Responsable qui tend à faire prévaloir les aspects techniques au détriment des éléments humains Technocrate
0%
Ancien commissaire européen français poussé à démissionner par Ursula Van Der Layen Tierry Breton
0%
Traité qui étend les pouvoirs du parlement européen Traité de Lisbonne
0%
Qu’est ce que la ZPE Zone de Protection Écologique
0%
Aucun quiz correspondant
Distribution des résultats
% des personnes avec chaque résultat
Percentile par nombre de réponses
Votre historique - résultats
Vous n’avez pas pris ce quiz depuis la dernière actualisation